La sangre del pobre

Salvato in:
Dettagli Bibliografici
Autore principale: Bloy, León (Autore)
Natura: Libro
Lingua:spagnolo
Pubblicazione: Buenos Aires Mundo Moderno 1946
Edizione:1a. ed
Soggetti:
Tags: Aggiungi Tag
Nessun Tag, puoi essere il primo ad aggiungerne!!

MARC

LEADER 00000cam a2200000 a 4500
001 UCX8042
003 CL-VaPUC
008 940120e19460000AG |||||||||||||||||spa|d
082 0 4 |a 261.8325  |b BLO  |2 21 
100 0 |a Bloy, León  |e author  |9 313716 
245 1 3 |a La sangre del pobre 
250 |a 1a. ed 
300 |a 190 p 
942 |c BK 
945 |d 19940120 00:00:00  |a mfernand 
260 |a Buenos Aires  |b Mundo Moderno  |c 1946 
650 7 |a POBREZA ASPECTOS RELIGIOSOS  |2 CL-VaPUC  |9 325056 
650 7 |a POBREZA URBANA  |2 CL-VaPUC  |9 308662 
583 |a last modification  |c 20150526 03:33:45  |k Rodrigo Vera 
999 |c 227669  |d 227667 
952 |0 0  |1 0  |4 0  |6 261_832500000000000_BLO_1946  |7 0  |8 P  |9 226833  |a BIBTEO  |b BIBTES  |c TEO_FTES  |d 2019-11-15  |i 3382923  |o 261.8325 BLO 1946  |p 3382923  |r 2024-01-18  |w 2019-11-15  |y BK  |k ICR 
952 |0 0  |1 0  |3 erb  |4 0  |6 261_832500000000000_BLO_1946  |7 0  |8 A  |9 226834  |a BIBEDU  |b BIBEDU  |e Villagrán Garnham, Jorge  |i 5175801  |o 261.8325 BLO 1946  |p 5175801  |r 2019-11-15  |w 2019-11-15  |y BK  |z Catalogado en:20150529  |k LIT